| 000 | 00551nam a22002057a 4500 | ||
|---|---|---|---|
| 001 | 0002578 | ||
| 003 | DO-SdBNP | ||
| 005 | 20160610151346.0 | ||
| 007 | 0002587 | ||
| 008 | 160610b 1969 nyu xxu||||| |||| 00| 0 spa d | ||
| 020 | _a0449202283 | ||
| 040 |
_aBPMSU _bspa _cBPMSU |
||
| 092 |
_axxxx _bxxxx |
||
| 100 | 1 | _a Holt, Victoria | |
| 245 | 1 | 0 |
_aThe queen's : _bconfession / _cVictoria Holt. |
| 260 |
_aNew York : _bFawcett Crest, _c1969. |
||
| 300 |
_a443 p. ; _c18 cm. |
||
| 942 |
_2ddc _cBK |
||
| 956 |
_2LOPEREZ _310 _620160610 _8BPMSU _a00041 |
||
| 999 |
_c10363 _d10363 |
||